000 00633nam a2200253Ia 4500
005 20260320200835.0
008 008 262003s9999 xx 000 0 eng d
020 _a9781608071777
037 _aEBOOK
040 _aCRL
040 _beng
040 _cCRL
041 _2eng
041 _aeng
084 _qCRL
100 _aMuto
_91133562
245 0 _aAdvanced FDTD Methods: Parallelization, Acceleration, and Engineering Applications
260 _bIEEE
260 _c2011
856 _uhttps://ieeexplore.ieee.org/servlet/opac?bknumber=9100706
942 _cEBOOK
999 _c1717222
_d1717222